Cơ sở lí thuyết Modul

Đại cương về module. Tích trực tiếp, tổng trực tiếp, dãy khớp và giới hạn. Module tự do, module hữu hạn sinh, module xạ ảnh và module nội xạ. Địa phương hoá và hạng mở rộng của module. Tích tenxơ của module. Module Noether và module Artin. Nhóm Abel...

Cur síos iomlán

Đã lưu trong:
Sonraí Bibleagrafaíochta
Príomhúdar: Dương, Quốc Việt
Formáid: Leabhar
Teanga:Undetermined
Foilsithe: Hà Nội Đại học Sư phạm Hà Nội 2008
Ábhair:
Clibeanna: Cuir Clib Leis
Gan Chlibeanna, Bí ar an gcéad duine leis an taifead seo a chlibeáil!
Thư viện lưu trữ: Trung tâm Học liệu Trường Đại học Cần Thơ
LEADER 00980nam a2200205Ia 4500
001 CTU_140772
008 210402s9999 xx 000 0 und d
020 |c 36000 
082 |a 512 
082 |b V308 
100 |a Dương, Quốc Việt 
245 0 |a Cơ sở lí thuyết Modul 
245 0 |c Dương Quốc Việt 
260 |a Hà Nội 
260 |b Đại học Sư phạm Hà Nội 
260 |c 2008 
520 |a Đại cương về module. Tích trực tiếp, tổng trực tiếp, dãy khớp và giới hạn. Module tự do, module hữu hạn sinh, module xạ ảnh và module nội xạ. Địa phương hoá và hạng mở rộng của module. Tích tenxơ của module. Module Noether và module Artin. Nhóm Abel hữu hạn sinh và module trên vành chính 
650 |a Algebra,Đại số 
904 |i Hạ Nguyên 
980 |a Trung tâm Học liệu Trường Đại học Cần Thơ